José augusto e o ABC das Oligarquias (Record no. 9922)

MARC details
000 -LÍDER
campo de controle de tamanho fixo 00469nam a2200169 4500
001 - NÚMERO DE CONTROLE
campo de controle 9922
005 - DATA E HORÁRIO DA ÚLTIMA TRANSAÇÃO
campo de controle 20231025121951.0
008 - CAMPO DE DADOS FIXOS--INFORMAÇÃO GERAL
campo de controle de tamanho fixo 231025b |||||||| |||| 00| 0 POR d
020 ## - ISBN - INTERNATIONAL STANDARD BOOK NUMBER
ISBN - International Standard Book Number 9788563118066
040 ## - FONTE DA CATALOGAÇÃO
Instituição que transcreveu o registro Complexo Educacional Contemporâneo
080 ## - CDU - CLASSIFICAÇÃO DECIMAL UNIVERSAL
Número da Classificação Decimal Universal (CDU) 32 (813.2)
100 ## - ENTRADA PRINCIPAL--NOME PESSOAL
Nome pessoal Azevedo, Walclei de Araújo
Numeração A994
9 (RLIN) 724
245 ## - TÍTULO
Título José augusto e o ABC das Oligarquias
250 ## - EDIÇÃO
Edição s.n
260 ## - PUBLICAÇÃO, DISTRIBUIÇÃO, ETC.
Local de publicação, distribuição, etc. Natal
Nome do editor, distribuidor, etc. Infinita Imagens
Data da publicação, distribuição, etc. 2011
942 ## - ELEMENTOS DE ENTRADA ADICIONADOS (KOHA)
Fonte da classificação ou esquema de arquivamento na estante
Ocultar no OPAC Não
Tipo de material Koha Livros
Edição s.n
Holdings
Situação do descarte Situação das perdas Fonte da classificação ou esquema de arquivamento na estante Situação física Não pode ser emprestado Biblioteca de origem Biblioteca atual Data de aquisição Total de empréstimos Código de barras Data de último acesso Número do exemplar Data do preço efetivo Tipo de material Koha
          Contemporâneo - Cidade Verde Contemporâneo - Cidade Verde 25/10/2023   005914 25/10/2023 1 25/10/2023 Livros